| 000 | 01094nam a2200289Ia 4500 | ||
|---|---|---|---|
| 001 | ebr10597491 | ||
| 003 | CaPaEBR | ||
| 006 | m u | ||
| 007 | cr cn||||||||| | ||
| 008 | 711122s1963 ne s 000 0 eng d | ||
| 020 | _z9783110153156 | ||
| 020 | _z9783110908923 | ||
| 040 |
_aCaPaEBR _cCaPaEBR |
||
| 035 | _a(OCoLC)654646053 | ||
| 050 | 1 | 4 |
_aPK365 _b.G66 1963eb |
| 100 | 1 |
_aGonda, J. _q(Jan), _d1905-1991. |
|
| 245 | 1 | 4 |
_aThe vision of the Vedic poets _h[electronic resource] / _cby J. Gonda. |
| 260 |
_aThe Hague : _bMouton, _c1963. |
||
| 300 | _a372 p. | ||
| 440 | 0 |
_aDisputationes Rheno-Trajectinae ; _v8 |
|
| 533 |
_aElectronic reproduction. _bPalo Alto, Calif. : _cebrary, _d2011. _nAvailable via World Wide Web. _nAccess may be limited to ebrary affiliated libraries. |
||
| 630 | 0 | 0 |
_aVedas _xCriticism, interpretation, etc. |
| 650 | 0 |
_aVedic language _xSemantics. |
|
| 655 | 7 |
_aElectronic books. _2local |
|
| 710 | 2 | _aebrary, Inc. | |
| 856 | 4 | 0 |
_uhttp://site.ebrary.com/lib/rucke/Doc?id=10597491 _zAn electronic book accessible through the World Wide Web; click to view |
| 999 |
_c213082 _d213082 |
||